000 01065nam a22002417a 4500
005 2009111306196.0
008 091113t xxu||||| |||| 00| 0 eng d
010 _aENG-95487
020 _a9788124114179
_c895.00
035 _aEN-78020
037 _bDBAD/PUB
040 _aDPL
100 _aChandra, Bipan
245 _aThe rise and growth of economic nationalism in India
_c by Bipan Chandra
_bEconomic plicies of Indin National Leadership (1880-1905 )
260 _aNew Delhi
_bHar-Anand Publicctions Pvt. Ltd.
_c2009
270 _aE-49/3,Okhla Industrial Area, Phase - II
_bNew Delhi
_e110020
300 _a688p.
_c22 cm.(Hb)
500 _aInduxibg
856 _uhttp://www.loc.gov/catdir/toc/ecip0721/2007025342.html
942 _2ddc
_cEN
_mCHA
999 _c31915
_d31915